000
00285nam a2200097Ia 4500
001
664979
005
20250826160241.0
008
250824s9999 xx 000 0 und d
245
0
_a
Bilimsel Serüvenler Grip Aşılarının Geliştirilmesi
_c
Michael Burgan
260
_b
TÜBİTAK YAYINLARI
999
_c
664979
_d
664979